Responses for Show #6366 - Monday, April 30, 2012

2012 Teen Tournament quarterfinal game 1.

Contestants

[<< previous game]

Eliza Scruton, a junior from Louisville, Kentucky

Rose Schaefer, a junior from Portland, Oregon

Jeff Haylon, a sophomore from Newtown, Connecticut

[next game >>]

Jeopardy! Round responses

SWEET STUFF
NAME THE SPORT
TRANSPORTATION
WHAT A CENTURY
WORLD CAPITALS
PUT A "DENT" IN IT
    $200 19
s'mores

Rose
    $200 1
swimming

Jeff
    $200 12
a motorcycle

Eliza
    $200 9
the 19th century

Jeff
    $200 5
Vienna

Eliza
    $200 3
identical twins

Jeff
    $400 20
caramel

Eliza
    $400 2
soccer

Eliza
    $400 27
the sleigh

Eliza
    $1,000 10
the 20th century

Jeff
    $400 13
Kiev

Jeff
    $400 4
a trident

Rose
    $600 21
gingerbread

Eliza
    $600 18
wrestling

Triple Stumper
    $600 28
a helicopter

Eliza
    $600 11
(Eliza: What is the 17th century?)
(Jeff: What is the... [*]?)
(Alex: Oh. You took too much time. Sorry.)

the 18th century

JeffRoseEliza
    $600 14
Baghdad

Eliza
    $600 6
dentures

Eliza
    $800 22
(Rose: What is meringue?)

mousse

Rose
Triple Stumper
    $800 24
volleyball

Jeff
    $800 29
a gondola

Eliza
    $800 17
the 17th century

Eliza
    $800 15
Buenos Aires

Eliza
    $800 7
a dependent

Rose
    $1000 23
truffles

Jeff
    $1000 25
water polo

Eliza
    $1000 30
(Eliza: What are caravels?)
(Jeff: What are barkentines?)

galleons

JeffEliza
Triple Stumper
    $1000 26
the 16th

Rose
    $1000 16
Tripoli

Jeff
    $1000 8
sedentary

Rose

Scores at the first commercial break (after clue 15):

Jeff Rose Eliza
$1,400 $2,800 $2,200

Scores at the end of the Jeopardy! Round:

Jeff Rose Eliza
$3,200 $3,200 $5,800

Double Jeopardy! Round responses

PHYSICAL SCIENCE
DOUBLE "F"
SONGS OLD & NEW
KINGS & QUEENS
ABBREV.
SCARY LITERATURE
    $400 25
solid, liquid, gas

Rose
    $400 11
a chaffeur

Jeff
    $400 20
"America"

Rose
    $400 1
Isabella

Jeff
    $400 3
for your information

Rose
    $400 8
a vampire

Jeff
    $800 26
Fahrenheit

Rose
    $800 13
a Whiffle ball

Rose
    $800 21
makes you stronger

Rose
    $800 2
Louis XIV

Eliza
    $800 4
politically correct

Eliza
    $800 15
Coraline

Jeff
    $1200 27
waves

Eliza
    $1200 14
the scruff

Rose
    $1200 22
"The Hokey Pokey"

Eliza
    $1200 9
(Jeff: What is the guillotine?)

the axe

JeffRose
    $1200 5
Museum of Modern Art

Jeff
    $1200 18
Tim Burton

Eliza
    $1,500 28
electrons

Eliza
    $1600 16
differential

Triple Stumper
    $1600 23
Taylor Swift

Rose
    $2,000 10
Greece

Rose
    $1600 6
Trademark

Eliza
    $1600 19
Hannibal Lecter

Rose
    $2000 30
the winter solstice

Rose
    $2000 17
Tartuffe

Eliza
    $2000 24
Kenny Chesney

Rose
    $2000 12
Saudi Arabia

Jeff
    $2000 7
pertussis

Eliza
    $2000 29
Edgar Allan Poe

Triple Stumper

Scores at the end of the Double Jeopardy! Round:

Jeff Rose Eliza
$7,200 $18,400 $18,100

Final Jeopardy! Round responses

U.S. GOVERNMENT AGENCIES
JeffWhat is the FBI?
$7,000
ElizaWhat is the CIA?
$1,901
RoseWhat is the FBI
$3,000
the CIA

Final scores:

Jeff Rose Eliza
$200 $15,400 $20,001
3rd place: $5,000 if eliminated 2nd place: $5,000 if eliminated Automatic semifinalist

Game dynamics:

Coryat scores:

Jeff Rose Eliza
$6,600 $18,000 $18,200
14 R
(including 1 DD),
3 W
19 R
(including 1 DD),
1 W
22 R
(including 1 DD),
2 W

Combined Coryat: $42,800

[game clues] [game scores] [suggest correction]

Game tape date: 2012-02-21
The J! Archive is created by fans, for fans. Scraping, republication, monetization, and malicious use prohibited; this site may use cookies and collect identifying information. See terms. The Jeopardy! game show and all elements thereof, including but not limited to copyright and trademark thereto, are the property of Jeopardy Productions, Inc. and are protected under law. This website is not affiliated with, sponsored by, or operated by Jeopardy Productions, Inc. Join the discussion at JBoard.tv.